banner koha

Puberdade em femeas ovinas da raca somalis [Ovis aries; Acasalamento; Fisiologia animal; Reproducao animal] (Registro n. 273917)

MARC details
000 -LÍDER
campo de controle de tamanho fixo 01164nac a22003377a 4500
001 - NÚMERO DE CONTROLE
campo de controle BR8201242
003 - IDENTIFICADOR DO NÚMERO DE CONTROLE
campo de controle BR-BrBNA
005 - DATA E HORÁRIO DA ÚLTIMA TRANSAÇÃO
campo de controle 20240105115245.0
008 - CAMPO DE DADOS FIXOS--INFORMAÇÃO GERAL
campo de controle de tamanho fixo 230509b bl.|||m| |||| 00| 0 por d
040 ## - FONTE DA CATALOGAÇÃO
Instituição da catalogação original BR-BrBNA
Idioma da catalogação por
Instituição que transcreveu o registro Biblioteca Nacional de Agricultura
072 ## - CÓDIGO DE CATEGORIA DE ASSUNTO
Código de Categoria de Assunto L50; L10
090 ## - NÚMERO DE CHAMADA LOCAL
Número de chamada 5240 BR8201242
100 1# - ENTRADA PRINCIPAL--NOME PESSOAL
Nome pessoal Simplicio, A.A.
100 1# - ENTRADA PRINCIPAL--NOME PESSOAL
Nome pessoal Riera, G.S.
100 1# - ENTRADA PRINCIPAL--NOME PESSOAL
Nome pessoal Nunes, J.F.
110 1# - ENTRADA PRINCIPAL--NOME CORPORATIVO
Nome corporativo ou nome da jurisdição Centro Nacional de Pesquisa de Caprinos, Sobral, CE (Brasil)
9 (RLIN) 1759
245 1# - TÍTULO
Título Puberdade em femeas ovinas da raca somalis [Ovis aries; Acasalamento; Fisiologia animal; Reproducao animal]
246 1# - FORMA VARIANTE DO TÍTULO
Título/título abreviado [Puberty in female somalis sheep [Ovis aries; Mating; Animal physiology; Animal reproduction]]
260 3# - PUBLICAÇÃO, DISTRIBUIÇÃO, ETC.
Local de publicação, distribuição, etc. Sobral, CE (Brasil):
Data da publicação, distribuição, etc. 1981.
300 ## - DESCRIÇÃO FÍSICA
Extensão 4 p.
490 ## - TÍTULO DA SÉRIE
Título da série Pesquisa em Andamento - Centro Nacional de Pesquisa de Caprinos (Brazil)
Número do volume ou designação sequencial da série no. 4
ISSN - International Standard Serial Number
650 ## - ASSUNTO--TERMO TÓPICO
Cabeçalho tópico ou nome geográfico Fisiologia animal
650 ## - ASSUNTO--TERMO TÓPICO
Cabeçalho tópico ou nome geográfico Melhoramento genetico animal
650 ## - ASSUNTO--TERMO TÓPICO
Cabeçalho tópico ou nome geográfico Ovino
650 ## - ASSUNTO--TERMO TÓPICO
Cabeçalho tópico ou nome geográfico Raca
650 ## - ASSUNTO--TERMO TÓPICO
Cabeçalho tópico ou nome geográfico Acasalamento
650 ## - ASSUNTO--TERMO TÓPICO
Cabeçalho tópico ou nome geográfico Reproducao animal
650 ## - ASSUNTO--TERMO TÓPICO
Cabeçalho tópico ou nome geográfico Ovulacao
909 ## -
-- 202312
-- Lúcia Elande
-- 55
-- Lúcia Elande
942 ## - ELEMENTOS DE ENTRADA ADICIONADOS (KOHA)
Fonte da classificação ou esquema de arquivamento na estante Classificação AGRIS
Ocultar no OPAC Não
Tipo de material Koha Monografia Seriada
Exemplares
Situação do descarte Fonte da classificação ou esquema de arquivamento na estante Situação física Não pode ser emprestado Coleção Biblioteca de origem Biblioteca atual Localização na estante Total de empréstimos Número de telefone completo Código de barras Data de último acesso Tipo de material Koha Fonte de aquisição
  Classificação AGRIS       Biblioteca Nacional de Agricultura - Binagri Biblioteca Nacional de Agricultura - Binagri Agrobase - Acervo Geral   5240 BR8201242 5240 BR8201242 18/12/2023 Monografia Seriada Portaria Interministerial nº 164/94

BINAGRI

Telefone: (61)3218-2567/2388/3357/2097 - binagri@agro.gov.br

Ministério da Agricultura e Pecuária , Esplanada dos Ministérios, Bloco D, Anexo B, Brasília/DF, CEP: 70.043-900